University Home | Library Home | Institutional Repository

What is communism?/ (Record no. 110952)

MARC details
000 -LEADER
fixed length control field 00334cpm a2200121 4500
008 - FIXED-LENGTH DATA ELEMENTS--GENERAL INFORMATION
fixed length control field 081031n eng u
035 ## - SYSTEM CONTROL NUMBER
System control number (Sirsi) a162358
050 ## - LIBRARY OF CONGRESS CALL NUMBER
Classification number HX 56
245 ## - TITLE STATEMENT
Title What is communism?/
Statement of responsibility, etc. edited by Richard M. Ketchum.
260 ## - PUBLICATION, DISTRIBUTION, ETC.
Place of publication, distribution, etc. New York:
Name of publisher, distributor, etc. E. P. Dutton,
Date of publication, distribution, etc. 1955.
300 ## - PHYSICAL DESCRIPTION
Extent 191p. :
Other physical details ill
650 ## - SUBJECT ADDED ENTRY--TOPICAL TERM
Topical term or geographic name entry element Communism

No items available.

© 2026 - The University of Zambia Library - Koha v25.11